Logo BPK

Biblioteka

Politechniki Koszalińskiej

Aktualne przepisy w ochronie środowiska : (Rekord nr 37617)

Szczegóły MARC
000 -ETYKIETA REKORDU
podpole kontrolne o stałej długości 00740nam a2200229 i 4500
001 - NUMER KONTROLNY REKORDU
pole kontrolne bg
020 ## - MIĘDZYNARODOWY ZNORMALIZOWANY NUMER KSIĄŻKI - ISBN
ISBN 8390925087
040 ## - ŹRÓDŁO KATALOGOWANIA
Instytucja, która utworzyła rekord BPK
041 0# - KOD JĘZYKA
Kod języka tekstu pol
080 ## - UNIWERSALNA KLASYFIKACJA DZIESIĘTNA - UKD
UKD 504
080 ## - UNIWERSALNA KLASYFIKACJA DZIESIĘTNA - UKD
UKD 349.6(438)
920 ## - Międzynarodowy znormalizowany numer książki – ISBN
ISBN 83-909250-8-7
008 - POLE O STAŁEJ DŁUGOŚCI - DANE KONTROLNE
podpole kontrolne o stałej długości s pl f |000 0 pol
100 1# - NAZWA OSOBOWA
Nazwa osobowa Gutkowski, Bogdan.
245 10 - TYTUŁ/ODPOWIEDZIALNOŚĆ
Tytuł Aktualne przepisy w ochronie środowiska :
Ciąg dalszy tytułu suplement nr 2 do poradnika - wyd. 1999 /
Pozostałe elementy strefy tytułu i oznaczenia odpowiedzialności [Bogdan Gutkowski] ; Agencja Ochrony Środowiska w Koszalinie.
260 ## - STREFA ADRESU WYDAWNICZEGO
Miejsce wydania Koszalin :
Nazwa wydawcy/dystrybutora AOŚ,
Data publikacji, dystrybucji/powstania dokumentu 2000.
300 ## - STREFA OPISU FIZYCZNEGO
Objętość 103 s. ;
Rozmiary 30 cm.
500 ## - UWAGI OGÓLNE
Tekst uwagi Verso kart nie zadrukowane.
650 #9 - HASŁO PRZEDMIOTOWE W FORMIE NAZWY OGÓLNEJ LUB JEDNOSTKOWEJ
Nazwa ogólna lub geograficzna Środowisko człowieka
Określnik ogólny ochrona
-- prawo
Określnik geograficzny Polska
Określnik chronologiczny stan na 2000 r.
710 0# - HASŁO DODATKOWE - NAZWA CIAŁA ZBIOROWEGO
Nazwa ciała zbiorowego lub jednostki geograficznej Agencja Ochrony Środowiska (Koszalin)
856 ## - LOKALIZACJA I DOSTĘP DO ELEKTRONICZNYCH DOKUMENTÓW ZDALNYCH
Link (URL) http://koha.tu.koszalin.pl/cgi-bin/koha/opac-detail.pl?biblionumber=37617
Tekst linku Katalog online BPK
942 ## - DODATKOWE ELEMENTY (KOHA)
Typ dokumentu Książka
Egzemplarze
Wycofany Status egzemplarza Uszkodzony Dostępność Lokalizacja stała Lokalizacja bieżąca Miejsce przechowywania Sygnatura Kod kreskowy Typ dokumentu Numer ubytku
      Dostępny Biblioteka Politechniki Koszalińskiej Biblioteka Politechniki Koszalińskiej Wypożyczalnia BG 53999 01491494 Książka  
  Egz. niedostępny   Niedostępny Biblioteka Politechniki Koszalińskiej Biblioteka Politechniki Koszalińskiej   54000 01491487 Książka 9216
© 2023 Biblioteka Politechniki Koszalińskiej :: KOHA